Statistics for ‘D’ General Knowledge

Click here to take the quiz!

General Stats

  • This quiz has been taken 39 times
  • The average score is 11 of 15

Answer Stats

HintAnswer% Correct
Matt _____ played Private Ryan in the film Saving Private RyanDamon
97%
Huey, Duey and Louie are the nephews of what famous Duck?Donald
97%
Transylvanian vampireDracula
97%
A mythological creature that stereotypically breathes fireDragon
94%
Burj Khalifa and the Burj Al Arab are famous monuments in what city?Dubai
94%
An Extinct animal that once lived on the small island of MauritiusDodo
91%
Hamlet, is originally set in what country?Denmark
89%
What was the name of the first cloned sheep?Dolly
86%
A Hindu festival known for its lightsDiwali
71%
What is a sausage dog properly known asDachshund
69%
The German word for a surprising resemblance of two peopleDoppelgänger
69%
Andre Romell Young is the actual name of what musical artist, not doctor?Dr Dre
66%
‘Chipping’, ‘Crowning’ and ‘Bridging’ are terms associated with what profession?Dentistry
54%
Twelve sided shapeDodecagon
40%
Which capital is rapidly growing? (pun)Dublin
31%

Score Distribution

Percentile by Number Answered

Percent of People with Each Score

Your Score History

You have not taken this quiz